MARC details
| 000 -LEADER |
| campo de control de longitud fija |
02138nam a2200385 i 4500 |
| 001 - NÚMERO DE CONTROL |
| campo de control |
32123 |
| 003 - IDENTIFICADOR DE NÚMERO DE CONTROL |
| campo de control |
ES-MaACL |
| 005 - FECHA Y HORA DE LA ÚLTIMA TRANSACCIÓN |
| campo de control |
20251205120758.0 |
| 007 - CAMPO FIJO DE DESCRIPCIÓN FÍSICA--INFORMACIÓN GENERAL |
| campo de control de longitud fija |
qu |
| 008 - DATOS DE LONGITUD FIJA--INFORMACIÓN GENERAL |
| campo de control de longitud fija |
030221s1885 sp g |||| | spa d |
| 080 ## - NÚMERO DE LA CLASIFICACIÓN DECIMAL UNIVERSAL |
| Número de la Clasificación Decimal Universal |
784.3/.4.089.6 |
| 245 00 - MENCIÓN DEL TÍTULO |
| Título |
Canciones [ |
| Medio |
Música impresa] |
| Resto del título |
: ejecutadas en las conferencias musicales del Ateneo Científico, Literario y Artístico de Madrid (1885). |
| 260 ## - PUBLICACIÓN, DISTRIBUCIÓN, ETC. |
| Lugar de publicación, distribución, etc. |
Madrid : |
| Nombre del editor, distribuidor, etc. |
A. Romero, |
| Fecha de publicación, distribución, etc. |
[1885] |
| 300 ## - DESCRIPCIÓN FÍSICA |
| Extensión |
1 partitura (11 p.) ; |
| Dimensiones |
32 cm. |
| 505 8# - NOTA DE CONTENIDO CON FORMATO |
| Nota de contenido con formato |
Contiene: Canción del siglo XVI : sacada de la obra de Salinas (De musica libri septem) / ejecutada por la Srta. Ortiz ; Canción del siglo XVI : sacada de la obra de Salinas (De musica libri septem) / ejecutada por la Srta. Lorenzo ; Canto popular de la huerta de Murcia / ejecutado por la Srta. Guidotti ; Canto de cuna / de Mozart ; ejecutado por la Srta. Guidotti ; La vieja / de Mozart ; cantada por la Srta. Ortiz |
| 530 ## - NOTA DISPONIBLE DE FORMULARIO FÍSICO ADICIONAL |
| Nota de formato físico adicional disponible |
Disponible en formato digital. |
| 610 24 - PUNTO DE ACCESO ADICIONAL DE MATERIA--NOMBRE DE ENTIDAD CORPORATIVA |
| Nombre de entidad corporativa o nombre de jurisdicción como elemento de entrada |
Ateneo de Madrid- |
| Subdivisión de forma |
Veladas musicales. |
| 9 (RLIN) |
1936 |
| 650 #4 - PUNTO DE ACCESO ADICIONAL DE MATERIA--TÉRMINO DE MATERIA |
| Término de materia o nombre geográfico como elemento de entrada |
Canciones- |
| Subdivisión de forma |
Partituras. |
| 9 (RLIN) |
10721 |
| 650 #4 - PUNTO DE ACCESO ADICIONAL DE MATERIA--TÉRMINO DE MATERIA |
| Término de materia o nombre geográfico como elemento de entrada |
Canciones con piano. |
| 9 (RLIN) |
141417 |
| 700 1# - ENTRADA AGREGADA--NOMBRE PERSONAL |
| Nombre de persona |
Salinas, Francisco, |
| Fechas asociadas al nombre |
1513-1590 |
| 9 (RLIN) |
174636 |
| 700 1# - ENTRADA AGREGADA--NOMBRE PERSONAL |
| Nombre de persona |
Mozart, Wolfgang Amadeus, |
| Fechas asociadas al nombre |
1756-1791 |
| 9 (RLIN) |
240565 |
| 740 02 - ENTRADA AGREGADA--TÍTULO RELACIONADO/ANALÍTICO NO CONTROLADO |
| Título relacionado o analítico no controlado |
Canción del siglo XVI. |
| 740 02 - ENTRADA AGREGADA--TÍTULO RELACIONADO/ANALÍTICO NO CONTROLADO |
| Título relacionado o analítico no controlado |
De musica libri septem. |
| 740 02 - ENTRADA AGREGADA--TÍTULO RELACIONADO/ANALÍTICO NO CONTROLADO |
| Título relacionado o analítico no controlado |
Canto popular de la huerta de Murcia. |
| 740 0# - ENTRADA AGREGADA--TÍTULO RELACIONADO/ANALÍTICO NO CONTROLADO |
| Título relacionado o analítico no controlado |
Canto de cuna. |
| 740 32 - ENTRADA AGREGADA--TÍTULO RELACIONADO/ANALÍTICO NO CONTROLADO |
| Título relacionado o analítico no controlado |
La vieja. |
| 852 4# - LOCALIZACIÓN |
| Ubicación |
ES-MaACL |
| Número de control de estantería |
T-445-F-2 |
| 856 4# - LOCALIZACIÓN Y ACCESO ELECTRÓNICOS |
| Identificador Uniforme de Recursos |
<a href="http://bdh-rd.bne.es/viewer.vm?id=0000141720&page=1 ">http://bdh-rd.bne.es/viewer.vm?id=0000141720&page=1 </a> |
| Nota pública |
Biblioteca Digital Hispánica |
| -- |
(Canción del siglo XVI) |
| 856 4# - LOCALIZACIÓN Y ACCESO ELECTRÓNICOS |
| Identificador Uniforme de Recursos |
<a href="http://bdh-rd.bne.es/viewer.vm?id=0000141719&page=1 ">http://bdh-rd.bne.es/viewer.vm?id=0000141719&page=1 </a> |
| Nota pública |
Biblioteca Digital Hispánica |
| -- |
(Canción del siglo XVI) |
| 856 4# - LOCALIZACIÓN Y ACCESO ELECTRÓNICOS |
| Identificador Uniforme de Recursos |
<a href="http://bdh-rd.bne.es/viewer.vm?id=0000141704&page=1 ">http://bdh-rd.bne.es/viewer.vm?id=0000141704&page=1 </a> |
| Nota pública |
Biblioteca Digital Hispánica |
| -- |
(Canto popular de la huerta de Murcia) |
| 856 4# - LOCALIZACIÓN Y ACCESO ELECTRÓNICOS |
| Identificador Uniforme de Recursos |
<a href="http://bdh-rd.bne.es/viewer.vm?id=0000141703&page=1 ">http://bdh-rd.bne.es/viewer.vm?id=0000141703&page=1 </a> |
| Nota pública |
Biblioteca Digital Hispánica |
| -- |
(Canto de cuna) |
| 856 4# - LOCALIZACIÓN Y ACCESO ELECTRÓNICOS |
| Identificador Uniforme de Recursos |
<a href="http://bdh-rd.bne.es/viewer.vm?id=0000141701&page=1 ">http://bdh-rd.bne.es/viewer.vm?id=0000141701&page=1 </a> |
| Nota pública |
Biblioteca Digital Hispánica |
| -- |
(La vieja) |
| 942 ## - ELEMENTOS DE ENTRADA SECUNDARIOS (KOHA) |
| Fuente del sistema de clasificación o colocación |
Clasificación decimal universal |